Photographing children photo workshop

Đã lưu trong:
Sonraí Bibleagrafaíochta
Príomhúdar: Felch, Ginny.
Údair Eile: 1906-1998. 1933- 1955- 1960-, 1952- 1949- 1954-, 1923-
Formáid: Leabhar
Teanga:English
Foilsithe: Indianapolis, Ind. Wiley Pub. 2011
Eagrán:2nd ed.
Sraith:Photo workshop
Ábhair:
Clibeanna: Cuir Clib Leis
Gan Chlibeanna, Bí ar an gcéad duine leis an taifead seo a chlibeáil!
Thư viện lưu trữ: Mạng thư viện Đại học Đà Nẵng
LEADER 01304nam a2200385 4500
001 000024445
003 20933
005 20161209101206.0
008 161209s2011 engsd
020 |a 1118024532 (pbk.)  |a 9781118024539 (pbk.) 
041 0 |a eng 
082 0 0 |a 779.25  |b FE-G 
100 1 |a Felch, Ginny.  |q (Laura Ann) 
245 1 0 |a Photographing children  |b photo workshop  |c Ginny Felch. 
246 |a Photographing children photo workshop 
250 |a 2nd ed. 
260 |a Indianapolis, Ind.  |b Wiley Pub.  |c 2011 
300 |a xxii, 280 p.  |b ill. (some col.)  |c 24 cm. 
490 1 |a Photo workshop 
500 |a Includes index. 
650 0 |a Photography of children. 
653 |a Photography 
700 1 |d 1906-1998.  |d 1933-  |d 1955-  |d 1960-  |q (Susan Maxine) 
700 1 |d 1952-  |d 1949-  |d 1954- 
700 1 |d 1923-  |q (Melvin Lawrence) 
OWN |a LSP 
AVA |a UDN50  |b LSP  |d 779.25 FE-G  |e available  |t Error 5001 Not defined in file expand_doc_bib_avail.  |f 1  |g 0  |h N  |i 0  |k 1 
999 |a From the UDN01 
AVA |a UDN50  |b LSP  |d 779.25 FE-G  |e available  |t Error 5001 Not defined in file expand_doc_bib_avail.  |f 1  |g 0  |h N  |i 0  |k 1 
TYP |a Monograph 
TYP |a Printed language 
980 |a Mạng thư viện Đại học Đà Nẵng